Návrh rekonštrukcie a modernizácie MVE v Liptovskej Kokave.
Na minha lista:
| Autor principal: | |
|---|---|
| Outros Autores: | |
| Formato: | Manuscrito Livro |
| Idioma: | eslovaco |
| Publicado em: |
2017
|
| Assuntos: | |
| Acesso em linha: | http://is.stuba.sk/zp/portal_zp.pl?podrobnosti=125570 https://opac.crzp.sk/?fn=detailBiblioForm&sid=CBCDB6E5622FB9C0D15C4028BE80 |
| Tags: |
Sem tags, seja o primeiro a adicionar uma tag!
|
MARC
| LEADER | 00000ntm a22000003a 4500 | ||
|---|---|---|---|
| 001 | stuzp63374 | ||
| 003 | SK-STU | ||
| 005 | 20230816092724.5 | ||
| 007 | ta | ||
| 008 | 150427s2015----xo-----f-mn---000-0-slo-d | ||
| 040 | |a STU |b slo | ||
| 041 | 0 | |a slo | |
| 100 | 1 | |a Majzlík, Erik |u 010170 |4 aut |U SvF Stavebná fakulta |T SvF Katedra hydrotechniky |X 54545 |U V170 |Y 17 |7 54545 | |
| 242 | 0 | 1 | |a Reconstruction and modernization layout for MVE Liptovska Kokava |y eng |
| 245 | 1 | 0 | |a Návrh rekonštrukcie a modernizácie MVE v Liptovskej Kokave. |
| 260 | |c 2017 | ||
| 650 | 4 | |a MVE Liptovská Kokava |2 slo | |
| 650 | 4 | |a rieka Belá |2 slo | |
| 650 | 4 | |a návrh rekonštrukcie |2 slo | |
| 650 | 4 | |a modernizácia |2 slo | |
| 650 | 4 | |a MVE Liptovska Kokava |2 eng | |
| 650 | 4 | |a Bela river |2 eng | |
| 650 | 4 | |a reconstruction layout |2 eng | |
| 650 | 4 | |a modernization |2 eng | |
| 700 | 1 | |a Dušička, Peter |u 010170 |k Z1 |4 ths |U SvF Stavebná fakulta |T SvF Katedra hydrotechniky |X 977 |U V170 |Y 17 |7 A000000977 | |
| 856 | 4 | |u http://is.stuba.sk/zp/portal_zp.pl?podrobnosti=125570 | |
| 856 | 4 | |u https://opac.crzp.sk/?fn=detailBiblioForm&sid=CBCDB6E5622FB9C0D15C4028BE80 | |